Statistics for 横浜税関の官署

Click here to take the quiz!

General Stats

  • This quiz has been taken 7 times
    (6 since last reset)
  • The average score is 9 of 26

Answer Stats

Answerhint% Correct
横浜税関宮城県、福島県、茨城県、栃木県、千葉県(東京税関の管轄に属する地域を除く。)及び神奈川県
100%
千葉税関支署千葉県(東京税関の管轄に属する地域を除く。)
100%
横須賀税関支署
83%
川崎税関支署横浜市鶴見区の一部及び川崎市(一部を除く)
83%
宇都宮出張所栃木県
67%
木更津出張所房総半島南部
67%
銚子監視署
50%
茨城空港出張所空港
50%
つくば出張所茨城県南部
50%
日立出張所茨城県北部
50%
石巻出張所
33%
気仙沼出張所
33%
姉崎出張所房総半島北部
17%
鹿島税関支署茨城県
17%
福島空港出張所空港
17%
相馬出張所
17%
小名浜税関支署福島県
17%
仙台空港税関支署空港
17%
塩釜事務所
17%
船橋市川出張所2つの都市名が連続
0%
仙台塩釜税関支署宮城県(一部を除く)
0%
川崎外郵出張所 郵便局構内
0%
本牧埠頭出張所 横浜市中区(一部を除く)
0%
東扇島事務所横浜市鶴見区及び川崎市の一部
0%
大黒埠頭出張所横浜市鶴見区(一部を除く)
0%
三崎監視署 
0%

Score Distribution

Percentile by Number Answered

Percent of People with Each Score

Your Score History

You have not taken this quiz since the last reset